000 00639nam a2200277Ia 4500
005 20260324140241.0
008 008 260324s9999 xx 000 0 eng d
020 _a9780429399725
037 _aEBOOK
040 _aCRL
040 _beng
040 _cCRL
041 _2eng
041 _aeng
084 _qCRL
100 _aLisa Shaw
_91203684
245 4 _aThe Social History of the Brazilian Samba
260 _bTaylor and Francis
260 _c1999
365 _a
365 _b170
856 _uhttp://www.taylorfrancis.com/books/9780429399725
942 _cEBOOK
999 _c1805573
_d1805573